000 00507nam a2200193 a 4500
005 20140310183538.0
008 111014s19uu xx 00 eng d
020 _a9780071083270
050 _aHB 172.5
_b.Sl631 2010
100 _aSlavin, Stephen L.
245 _aMicroeconomics /
_cStephen L. Slavin.
250 _a9th ed.
260 _aBoston :
_bMcGraw Hill,
_c2010.
300 _a533 p. :
_bill. ;
_c25 cm.
521 _aBSBA
650 _aMacroeonomics
942 _cBK
_2lcc
_kFOR
999 _c24747
_d24747